El oro de sus cuerpos

Guardat en:
Dades bibliogràfiques
Autor principal: Gorham, Charles
Format: Llibre
Idioma:Undetermined
Publicat: Buenos Aires, Argentina Guillermo Kraft 1956
Matèries:
Etiquetes: Afegir etiqueta
Sense etiquetes, Sigues el primer a etiquetar aquest registre!

MARC

LEADER 00000nam a2200000Ia 4500
008 170316s9999 xx 000 0 und d
040 |a cru BVZT 
090 |a 840 G-12o 
100 |a Gorham, Charles 
245 |a El oro de sus cuerpos 
260 |a Buenos Aires, Argentina 
260 |b Guillermo Kraft 
260 |c 1956 
300 |a 310 páginas 
650 |a LITERATURA FRANCESA 
999 |c 7696  |d 7696 
942 |c 15 D  |h 840 G-12o  |2 z